| 000 | 00617nam a2200193 a 4500 | ||
|---|---|---|---|
| 001 | 000378586 | ||
| 003 | AM-YeHGA | ||
| 005 | 20250618072312.0 | ||
| 008 | 041108s1938 ai 000 | arm d | ||
| 040 | _aAM-YeHGA | ||
| 041 | 0 | _aarm | |
| 100 | 1 |
_aԱրազի, Մովսես, _d1878-1964 _9972 |
|
| 245 | 1 | 0 |
_aՄիշիկը / _cԱրազի; Նկ.՝ Ս. Այվազյան. |
| 260 |
_aՅերևան : _bՊետհրատ, _c1938. |
||
| 300 |
_a12 էջ : _bնկ. ; _c18 սմ. |
||
| 650 | 1 | 4 |
_aՀայ մանկական գրականություն _xՊատմվածք |
| 700 | 1 |
_aԱյվազյան, Ս. _eնկ. _4art |
|
| 090 | _c146113 | ||
| 999 |
_c144729 _d144729 |
||